Sportifs par pays #3 - Statistiques

Statistiques générales
  • Ce quiz a été pris 157 fois
  • Le résultat moyen est 10 sur 20
Statistiques - réponses
Sportif Pays % Correct
Yao Ming Chine
96%
Luis Suárez Uruguay
87%
Sebastian Vettel Allemagne
84%
Armand Duplantis Suède
79%
Simone Biles Etats-Unis
72%
Maria Sharapova Russie
71%
Peter Sagan Slovaquie
68%
Hicham El Guerrouj Maroc
67%
Henrikh Mkhitaryan Arménie
65%
George Weah Liberia
64%
Dan Carter Nouvelle-Zélande
54%
Tessa Worley France
46%
Hafthor Bjornsson Islande
45%
Kelly Slater Etats-Unis
44%
Mo(hamed) Farah Royaume Uni
39%
Jelena Ostapenko Lettonie
31%
Mick Doohan Australie
19%
Caterine Ibargüen Colombie
9%
Adam Ondra République Tchèque
7%
Taufik Hidayat Indonésie
2%
Aucun quiz correspondant
Distribution des résultats
% des personnes avec chaque résultat
Percentile par nombre de réponses
Votre historique - résultats
Vous n’avez pas pris ce quiz